| 000 | 00447nmm a2200145Ia 4500 | ||
|---|---|---|---|
| 008 | 251105s9999||||xx |||||||||||||||||und|| | ||
| 041 | _aspa | ||
| 100 | _aCanet Moreno, Iván | ||
| 245 | 0 | _a305 Elizabeth Street | |
| 264 |
_a[Madrid, España] : _bEditorial La Calle, _c[Fecha de publicación no identificada] |
||
| 300 | _a493 páginas | ||
| 650 | _aSpanish narrative | ||
| 856 | _uhttps://public.digitaliapublishing.com/a/85082 | ||
| 942 | _cCF | ||
| 999 |
_c103582 _d103582 |
||